El pensamiento de Bergson /

Đã lưu trong:
Chi tiết về thư mục
Tác giả chính: Barlow, Michel (autor)
Tác giả khác: Martínez Peñaloza, María Teresa (traducción) (traducción)
Định dạng: Sách
Ngôn ngữ:Tiếng Tây Ban Nha
Được phát hành: México : Fondo de Cultura Económica, 1980, c1968
Các nhãn: Thêm thẻ
Không có thẻ, Là người đầu tiên thẻ bản ghi này!

MARC

LEADER 00000nam^a2200000^a^4500
001 000626540
005 20260114000000.0
009 20260310134037.262
020 |a 968-16-0560-8 
037 |a Acervo Xavier Clavigero 
041 |a ESP 
091 |a FHG. 00741 
100 |a Barlow, Michel  |e (autor) 
245 1 3 |a El pensamiento de Bergson / 
264 4 |a México :  |b Fondo de Cultura Económica,  |c 1980, c1968 
300 |a 149 p. 
336 |a texto  |b txt  |2 rdacontenido 
337 |a sin mediación  |b n  |2 rdamedio 
338 |a volumen  |b nc  |2 rdasoporte 
649 |a XX 
700 |a Martínez Peñaloza, María Teresa  |e (traducción) 
910 |a Fondo Humberto García Bedoy S.J. 
920 |a Impresos - Libros 
930 |a Fondos Especiales 
905 |a 148 
901 |a 626540-10  |b IT2  |c ESP  |i D  |u 20260114 
902 |a https://opac.biblio.iteso.mx/vufind/Record/000626540